000 01501cam a2200433 i 4500
001 data
005 20260322212115.0
008 data
035 _a19788652
906 _a7
_bcbc
_ccopycat
_d2
_encip
_f20
_gy-gencatlg
925 0 _aacquire
_b1 shelf copy
_xpolicy default
010 _a 2017385289
020 _a9781435162884
_qhardback
020 _a1435162889
_qhardback
035 _a(OCoLC)1011683163
040 _aABJ
_beng
_erda
_cABJ
_dDLC
_dIQW
_dDLC
042 _alccopycat
050 0 0 _aBL721
_b.G8 2016
082 0 4 _a292.13
_223
100 1 _aGuerber, H. A.
_q(Hélène Adeline),
_d1859-1929,
_eauthor.
240 1 0 _aMyths of Greece and Rome
245 1 0 _aClassical mythology /
_cH.A. Guerber.
264 1 _aNew York :
_bFall River Press,
_c[2016]
264 4 _c©2016
300 _axxiv, 451 pages :
_billustrations, maps ;
_c24 cm
336 _atext
_btxt
_2rdacontent
337 _aunmediated
_bn
_2rdamedia
338 _avolume
_bnc
_2rdacarrier
500 _aIncludes indexes.
500 _aOriginally published as: The Myths of Greece and Rome (1907).
505 0 _aPandora -- Perseus -- Midas -- Jason -- Hercules -- and more.
650 0 _aMythology, Classical.
650 0 _aMythology, Greek.
650 0 _aMythology, Roman.
650 7 _aMythology, Classical.
_2fast
_0(OCoLC)fst01031758
650 7 _aMythology, Greek.
_2fast
_0(OCoLC)fst01031804
650 7 _aMythology, Roman.
_2fast
_0(OCoLC)fst01031887
999 _c1739
_d1739